| 000 | 00517nam a22001817a 4500 | ||
|---|---|---|---|
| 005 | 20251108164402.0 | ||
| 008 | 250721s1996 xx 000 0 ara d | ||
| 082 | 1 | 4 | _a515/حسي |
| 100 | 1 | _aحسين، ذيب | |
| 245 | 1 | 0 | _aالتفاضل و التكامل / |
| 264 | 1 |
_aعمان : _bدار حنين للنشر و التوزيع، _c1996. |
|
| 300 | _aج | ||
| 650 | 1 | 7 | _aالتفاضل و التكامل |
| 650 | 1 | 7 | _aالرياضيات |
| 700 | 1 | _aخليل، رشدي | |
| 942 |
_2ddc _cBK |
||
| 999 |
_c10856 _d10856 |
||